| 000 | 00405nam a2200145 a 4500 | ||
|---|---|---|---|
| 001 | 3534 | ||
| 003 | CDMR | ||
| 005 | 20130724123941.0 | ||
| 008 | 130130s1996||||||||||||||||||||||||||||d | ||
| 040 |
_aCDMR _bcat _cCPC GIRONA |
||
| 100 | 1 |
_aFerrés, Joan _92532 |
|
| 245 | 1 | 0 |
_aTelevisión subliminal _bSocialización mediante comunicaciones inadvertidas _cFerrés, Joan |
| 260 |
_c1996 _bPaidós |
||
| 942 |
_cMON _2udc |
||
| 999 |
_c3534 _d3534 |
||